| 000 | 00524nam a2200193Ia 4500 | ||
|---|---|---|---|
| 008 | 230125s9999 xx 000 0 und d | ||
| 020 | _a81-7722-853-6 | ||
| 041 | _aeng | ||
| 082 |
_a920.650 _bVER |
||
| 100 |
_aVerma Y V _9111997 |
||
| 245 |
_aPassion _bThe Untold Story of LG Electronics India |
||
| 260 |
_c2008 _bDreamtech press _aNew Delhi |
||
| 300 | _a191p | ||
| 500 | _aCompany profile;L G Electronics | ||
| 650 | _aCompany Profile | ||
| 700 |
_aVerma Y V _9111997 |
||
| 906 | _b60 | ||
| 999 |
_c88929 _d88929 |
||